000
00477nam a2200157Ia 4500
008
100204s9999 xx 000 0 und d
082
_b
15530
100
_a
बच्चन हरिवंशराय
245
_a
मधुशाला
260
_b
"शब्दांगण प्रकाशन , ठाणे"
300
_a
135
630
_a
मधुशाला
700
_a
पंडित वामन
730
_a
मधुशाला
942
_c
BOOK
999
_c
459961
_d
459958